[Event "Vladimir op-A"]
[Site "Vladimir"]
[Date "2009.08.28"]
[Round "9"]
[White "Sukhareva, Valentina"]
[Black "Kreines, Mikhail"]
[Result "1/2-1/2"]
[WhiteElo "2078"]
[BlackElo "2041"]
[PlyCount "119"]
[EventDate "2009.08.19"]
[EventType "swiss"]
[EventRounds "9"]
[EventCountry "RUS"]
[SourceTitle "EXT 2010"]
[Source "ChessBase"]
[SourceDate "2010.11.25"]
[SourceVersion "1"]
[SourceVersionDate "2010.11.25"]
[SourceQuality "1"]

1. d4 Nf6 2. f4 d5 3. Nf3 e6 4. e3 Bd6 5. Bd3 0-0 6. Nbd2 b6 7. Ne5 Bb7 8. Qf3 Nfd7 9. b3 Qe7 10. c4 f6 11. Bxh7+ Kxh7 12. Qh5+ Kg8 13. Ng6 Qe8 14. 0-0 f5 15. Nf3 Nf6 16. Qh8+ Kf7 17. Nfe5+ Bxe5 18. Nxe5+ Ke7 19. Qxg7+ Kd8 20. Ba3 Nbd7 21. Nxd7 Nxd7 22. Bxf8 Qxf8 23. Qxf8+ Nxf8 24. h3 Ng6 25. Kf2 Kd7 26. g4 Rh8 27. Kg3 fxg4 28. hxg4 dxc4 29. bxc4 Nh4 30. Rad1 Ng2 31. Rd3 Be4 32. Ra3 a5 33. d5 Nh4 34. Rf2 exd5 35. f5 dxc4 36. Rf4 Bd3 37. e4 Kd6 38. g5 Bxe4 39. Rxe4 Nxf5+ 40. Kg4 Kd5 41. Rf4 Nd6 42. g6 Rg8 43. Kg5 Ne4+ 44. Kh6 Kd4 45. Kh7 Rd8 46. Ra4 c5 47. Ra3 c3 48. Rxe4+ Kxe4 49. Rxc3 Kd4 50. Rb3 Rb8 51. g7 Rb7 52. Rxb6 Rxg7+ 53. Kxg7 c4 54. Kf6 c3 55. Rc6 a4 56. a3 Kd3 57. Ke5 Kd2 58. Kd4 c2 59. Rxc2+ Kxc2 60. Kc4 1/2-1/2

[Event "Vladimir op-A"]
[Site "Vladimir"]
[Date "2009.08.24"]
[Round "5"]
[White "Kreines, Mikhail"]
[Black "Bryakin, Mikhail"]
[Result "1-0"]
[WhiteElo "2041"]
[BlackElo "1984"]
[PlyCount "91"]
[EventDate "2009.08.19"]
[EventType "swiss"]
[EventRounds "9"]
[EventCountry "RUS"]
[SourceTitle "EXT 2010"]
[Source "ChessBase"]
[SourceDate "2010.11.25"]
[SourceVersion "1"]
[SourceVersionDate "2010.11.25"]
[SourceQuality "1"]

1. e4 c6 2. d4 d5 3. exd5 cxd5 4. Bd3 Nc6 5. c3 Nf6 6. Bf4 g6 7. Nd2 Bg7 8. Ngf3 0-0 9. 0-0 Bf5 10. Bxf5 gxf5 11. Ne5 Nxe5 12. dxe5 Nd7 13. Re1 Nc5 14. Nb3 Ne6 15. Bg3 Rc8 16. Qf3 f4 17. Bxf4 f6 18. Bg3 fxe5 19. Qg4 Rf6 20. Bxe5 Rg6 21. Qf5 Rc4 22. Bxg7 Nxg7 23. Qe5 Rcg4 24. g3 e6 25. Nd4 h5 26. Rad1 h4 27. Rd3 hxg3 28. Rxg3 Qh4 29. Nf3 Qh3 30. Kh1 Rxg3 31. fxg3 Nf5 32. Rg1 Nh6 33. Qb8+ Kh7 34. Qxb7+ Kh8 35. Qxa7 Ng4 36. Qd4+ Rf6 37. Rg2 Kg8 38. Qd3 Qh6 39. Qe2 Ne3 40. Rf2 Ng4 41. Rf1 Ne3 42. Re1 Ng4 43. Kg2 e5 44. Qd2 e4 45. Qxd5+ Kh8 46. Qxe4 1-0

[Event "Vladimir op-A"]
[Site "Vladimir"]
[Date "2009.08.21"]
[Round "3"]
[White "Mikheev, Stanislav Valerievi"]
[Black "Kreines, Mikhail"]
[Result "1-0"]
[WhiteElo "2329"]
[BlackElo "2041"]
[PlyCount "49"]
[EventDate "2009.08.19"]
[EventType "swiss"]
[EventRounds "9"]
[EventCountry "RUS"]
[SourceTitle "EXT 2010"]
[Source "ChessBase"]
[SourceDate "2010.11.25"]
[SourceVersion "1"]
[SourceVersionDate "2010.11.25"]
[SourceQuality "1"]

1. e4 c6 2. d4 d5 3. exd5 cxd5 4. Bd3 Nc6 5. c3 Nf6 6. Bf4 e6 7. Nf3 Bd6 8. Bxd6 Qxd6 9. 0-0 0-0 10. Re1 Bd7 11. Nbd2 Rfc8 12. Ne5 Be8 13. Re3 Rab8 14. Qf3 b5 15. b4 a5 16. a3 a4 17. Rae1 Ne7 18. Qf4 Rd8 19. Rh3 h6 20. Ree3 Kf8 21. Rxh6 gxh6 22. Qxh6+ Kg8 23. Rg3+ Ng6 24. Bxg6 fxg6 25. Rxg6+ 1-0

[Event "Vladimir op-A"]
[Site "Vladimir"]
[Date "2009.08.20"]
[Round "2"]
[White "Kreines, Mikhail"]
[Black "Yatzenko, Anton"]
[Result "0-1"]
[WhiteElo "2041"]
[BlackElo "2267"]
[PlyCount "76"]
[EventDate "2009.08.19"]
[EventType "swiss"]
[EventRounds "9"]
[EventCountry "RUS"]
[SourceTitle "EXT 2010"]
[Source "ChessBase"]
[SourceDate "2010.11.25"]
[SourceVersion "1"]
[SourceVersionDate "2010.11.25"]
[SourceQuality "1"]

1. d4 Nf6 2. c4 e6 3. g3 Bb4+ 4. Bd2 Qe7 5. Bg2 Nc6 6. a3 Bxd2+ 7. Qxd2 e5 8. dxe5 Nxe5 9. Qc2 0-0 10. Nf3 d5 11. Nxe5 Qxe5 12. cxd5 Nxd5 13. 0-0 Be6 14. Rc1 c6 15. Nc3 Nxc3 16. bxc3 Bc4 17. e3 Qe6 18. Rab1 b6 19. Bf1 Rad8 20. Bxc4 Qxc4 21. Rd1 c5 22. a4 g6 23. f3 Rd5 24. Rxd5 Qxd5 25. e4 Qg5 26. Qd3 Rd8 27. Qe2 Rd2 28. Qe1 Ra2 29. Ra1 Rxa1 30. Qxa1 Qe3+ 31. Kg2 Qe2+ 32. Kg1 Qxf3 33. Qe1 Qd3 34. e5 Qc4 35. h4 h5 36. Qd2 Qxa4 37. Qd8+ Kh7 38. e6 Qa1+ 0-1

[Event "Moscow op-B"]
[Site "Moscow"]
[Date "2009.02.04"]
[Round "5"]
[White "Kreines, Mikhail"]
[Black "Uraev, Ivan"]
[Result "0-1"]
[WhiteElo "2041"]
[BlackElo "2194"]
[PlyCount "90"]
[EventDate "2009.01.31"]
[EventType "swiss"]
[EventRounds "9"]
[EventCountry "RUS"]
[SourceTitle "EXT 2012"]
[Source "ChessBase"]
[SourceDate "2011.11.24"]
[SourceVersion "1"]
[SourceVersionDate "2011.11.24"]
[SourceQuality "1"]

1. d4 Nf6 2. c4 c5 3. d5 e6 4. Nc3 exd5 5. cxd5 d6 6. e4 g6 7. Bd3 Bg7 8. Nf3 0-0 9. h3 a6 10. a4 Qc7 11. 0-0 Nbd7 12. Bf4 Rb8 13. Qd2 Re8 14. Rfe1 c4 15. Bc2 Nh5 16. Bh2 Ne5 17. Nxe5 dxe5 18. a5 b5 19. axb6 Rxb6 20. Ba4 Rd8 21. Qc2 Nf4 22. Bxf4 exf4 23. f3 Qe5 24. Red1 Qg5 25. Kh1 Qh4 26. Rab1 g5 27. Kg1 h5 28. Qf2 Qxf2+ 29. Kxf2 g4 30. hxg4 hxg4 31. Bc6 Be5 32. Rdc1 g3+ 33. Ke2 Kg7 34. Rh1 Rb3 35. Nd1 f5 36. Rc1 fxe4 37. Rxc4 exf3+ 38. gxf3 a5 39. Re4 Bd6 40. Rh5 Kg6 41. Rh4 Ba6+ 42. Ke1 Rxf3 43. Be8+ Kf5 44. Re6 Bb4+ 45. Nc3 Rf1+ 0-1

[Event "Moscow op-B"]
[Site "Moscow"]
[Date "2009.02.01"]
[Round "2"]
[White "Kotov, Andrey"]
[Black "Kreines, Mikhail"]
[Result "0-1"]
[WhiteElo "2254"]
[BlackElo "2041"]
[PlyCount "80"]
[EventDate "2009.01.31"]
[EventType "swiss"]
[EventRounds "9"]
[EventCountry "RUS"]
[SourceTitle "EXT 2012"]
[Source "ChessBase"]
[SourceDate "2011.11.24"]
[SourceVersion "1"]
[SourceVersionDate "2011.11.24"]
[SourceQuality "1"]

1. e4 e6 2. d4 d5 3. exd5 exd5 4. Nf3 Bd6 5. Bd3 Nf6 6. Bg5 Bg4 7. Nbd2 Nc6 8. c3 h6 9. Bh4 Bf4 10. Qe2+ Qe7 11. Qxe7+ Nxe7 12. Bxf6 gxf6 13. h3 Be6 14. g3 Bd6 15. 0-0-0 0-0-0 16. Rde1 Rhg8 17. Nf1 h5 18. Nh4 f5 19. Ng2 f4 20. Nxf4 Bxf4+ 21. gxf4 Rg2 22. f5 Nxf5 23. Bxf5 Bxf5 24. Ne3 Rxf2 25. Nxf5 Rxf5 26. Rhf1 Rxf1 27. Rxf1 Rg8 28. Rf5 c6 29. Rxh5 Kd7 30. Rf5 Ke6 31. Rf4 f5 32. a4 Rg3 33. Rh4 Rg7 34. Kc2 Rg2+ 35. Kb3 Kf6 36. Rh8 Kg7 37. Rb8 f4 38. Rxb7+ Kf6 39. Rxa7 f3 40. Ra8 Kg7 0-1

[Event "Moscow op"]
[Site "Moscow"]
[Date "2008.05.08"]
[Round "9"]
[White "Paravyan, David"]
[Black "Kreines, Mikhail"]
[Result "1/2-1/2"]
[WhiteElo "2081"]
[BlackElo "2049"]
[PlyCount "89"]
[EventDate "2008.04.30"]
[EventType "swiss"]
[EventRounds "9"]
[EventCountry "RUS"]
[SourceTitle "CBM 124 Extra"]
[Source "ChessBase"]
[SourceDate "2008.07.03"]
[SourceVersion "1"]
[SourceVersionDate "2008.07.03"]
[SourceQuality "1"]

1. c4 c6 2. d4 d5 3. Nc3 Nf6 4. Nf3 e6 5. Bg5 Nbd7 6. e3 Be7 7. Rc1 0-0 8. cxd5 Nxd5 9. Bxe7 Qxe7 10. a3 Nxc3 11. Rxc3 e5 12. dxe5 Nxe5 13. Nxe5 Qxe5 14. Bd3 Be6 15. Qc2 h6 16. 0-0 Rfd8 17. b4 Rd6 18. Rc5 Rd5 19. Rxd5 Bxd5 20. Rd1 Re8 21. Bf5 a6 22. h3 Kf8 23. Qc5+ Qe7 24. Qxe7+ Kxe7 25. e4 Be6 26. Bxe6 Kxe6 27. f4 Re7 28. g4 Rd7 29. Rxd7 Kxd7 30. Kf2 Kd6 31. Ke3 c5 32. h4 cxb4 33. axb4 b6 34. Kd4 f6 35. h5 a5 36. b5 a4 37. Kc4 a3 38. Kb3 Kc5 39. Kxa3 Kxb5 40. f5 Kc5 41. e5 fxe5 42. g5 Kd6 43. f6 Ke6 44. fxg7 Kf7 45. g6+ 1/2-1/2

[Event "Moscow op"]
[Site "Moscow"]
[Date "2008.05.07"]
[Round "7"]
[White "Paldyaev, Vladislav"]
[Black "Kreines, Mikhail"]
[Result "0-1"]
[WhiteElo "2011"]
[BlackElo "2049"]
[PlyCount "90"]
[EventDate "2008.04.30"]
[EventType "swiss"]
[EventRounds "9"]
[EventCountry "RUS"]
[SourceTitle "CBM 124 Extra"]
[Source "ChessBase"]
[SourceDate "2008.07.03"]
[SourceVersion "1"]
[SourceVersionDate "2008.07.03"]
[SourceQuality "1"]

1. d4 d5 2. f4 Nf6 3. Nf3 e6 4. e3 Be7 5. Bd3 b6 6. c3 Bb7 7. a4 Nbd7 8. 0-0 0-0 9. b4 c5 10. bxc5 bxc5 11. Ba3 Ne4 12. Nbd2 Ndf6 13. Ne5 Qa5 14. Bxe4 Nxe4 15. Nxe4 dxe4 16. Rb1 Qc7 17. Qe2 f6 18. Qb5 Bd5 19. Qd7 Rfc8 20. Qxc7 Rxc7 21. Ng4 h5 22. Nf2 Rac8 23. Rfc1 Kf7 24. Nd1 cxd4 25. Bxe7 dxc3 26. Bd6 c2 27. Ra1 cxd1Q+ 28. Rxd1 Rc2 29. f5 Re2 30. Rac1 Rxc1 31. Rxc1 exf5 32. Bc5 a6 33. a5 f4 34. Bb6 fxe3 35. h3 Ra2 36. Bxe3 Rxa5 37. Rc7+ Kg6 38. g4 hxg4 39. hxg4 Rb5 40. Kf2 a5 41. g5 a4 42. gxf6 gxf6 43. Ra7 Rb4 44. Bc5 Rc4 45. Bf8 f5 0-1

[Event "Moscow op"]
[Site "Moscow"]
[Date "2008.05.04"]
[Round "5"]
[White "Kreines, Mikhail"]
[Black "Zaitsev, Dmitry A"]
[Result "0-1"]
[WhiteElo "2049"]
[BlackElo "2225"]
[PlyCount "34"]
[EventDate "2008.04.30"]
[EventType "swiss"]
[EventRounds "9"]
[EventCountry "RUS"]
[SourceTitle "CBM 124 Extra"]
[Source "ChessBase"]
[SourceDate "2008.07.03"]
[SourceVersion "1"]
[SourceVersionDate "2008.07.03"]
[SourceQuality "1"]

1. d4 Nf6 2. c4 g6 3. Nc3 d6 4. e4 Bg7 5. f3 0-0 6. Be3 e5 7. d5 a5 8. Bd3 Nh5 9. Qd2 Na6 10. g4 Nf4 11. Nge2 Ng2+ 12. Kd1 Nxe3+ 13. Qxe3 Qh4 14. Kc2 Nb4+ 15. Kb3 Bh6 16. f4 exf4 17. Qf3 Bxg4 0-1

[Event "Moscow-ch op sf"]
[Site "Moscow"]
[Date "2007.03.14"]
[Round "5"]
[White "Kreines, Mikhail"]
[Black "Krezhanovsky, Sergey"]
[Result "1-0"]
[WhiteElo "2088"]
[BlackElo "2217"]
[PlyCount "70"]
[EventDate "2007.03.05"]
[EventType "swiss"]
[EventRounds "9"]
[EventCountry "RUS"]
[SourceTitle "EXT 2022"]
[Source "ChessBase"]
[SourceDate "2021.10.06"]
[SourceVersion "1"]
[SourceVersionDate "2021.10.06"]
[SourceQuality "1"]

1. e4 c5 2. Nf3 e6 3. c3 d5 4. exd5 Qxd5 5. d4 Nf6 6. Na3 Be7 7. Nb5 Qd8 8. dxc5 Bd7 9. Nd6+ Bxd6 10. Qxd6 Nc6 11. Bg5 Ne4 12. Bxd8 Nxd6 13. Bg5 Ne4 14. Be3 b6 15. cxb6 axb6 16. Nd4 0-0 17. Nxc6 Bxc6 18. f3 Nc5 19. Bxc5 bxc5 20. Bc4 Bd5 21. Bxd5 exd5 22. Kd2 d4 23. cxd4 Rfd8 24. d5 Rxd5+ 25. Kc2 Rg5 26. g3 h5 27. Rhd1 h4 28. g4 Ra4 29. Rd3 Rf4 30. a4 c4 31. Rc3 Ra5 32. Kd2 f5 33. Raa3 Kf7 34. Re3 fxg4 35. fxg4 Rxg4 1-0

[Event "Moscow op 03rd"]
[Site "Moscow"]
[Date "2007.02.02"]
[Round "7"]
[White "Kreines, Mikhail"]
[Black "Losev, Sergey"]
[Result "1-0"]
[WhiteElo "2088"]
[BlackElo "2080"]
[PlyCount "71"]
[EventDate "2007.01.27"]
[EventType "swiss"]
[EventRounds "9"]
[EventCountry "RUS"]
[SourceTitle "CBM 116 Extra"]
[Source "ChessBase"]
[SourceDate "2007.03.07"]
[SourceVersion "1"]
[SourceVersionDate "2007.03.07"]
[SourceQuality "1"]

1. e4 e6 2. d4 d5 3. exd5 exd5 4. Bd3 Bd6 5. Nf3 Bg4 6. 0-0 Ne7 7. Bg5 f6 8. Bh4 Nbc6 9. c3 Qd7 10. Bg3 0-0-0 11. Bxd6 Qxd6 12. Nbd2 g5 13. b4 Ng6 14. Qc2 Nce7 15. Rfc1 Nf4 16. Bf1 Bf5 17. Qb3 Be6 18. a4 g4 19. Ne1 Nf5 20. Nd3 h5 21. Nc5 h4 22. a5 g3 23. a6 gxh2+ 24. Kh1 b6 25. Nb7 Qe7 26. Nxd8 Kxd8 27. Re1 Qd6 28. Nf3 h3 29. gxh3 Nxh3 30. Qc2 Ng1 31. Bg2 Nh4 32. Nxh4 Rxh4 33. Qg6 Rf4 34. Qg3 Bg4 35. f3 Nxf3 36. Rf1 1-0